000 00394nam a2200145Ia 4500
008 230917s9999||||xx |||||||||||||| ||und||
040 _e39752
_aMAIN
041 _aEnglish
082 _a823.09 M59E
100 _aMilbury-Steen, Sarah L
245 0 _aEuropean and African stereatypes in twetieth-century fiction
260 _aLondon
_bMacmillan
_c1980
300 _axiii, 188 p.
942 _cBK
999 _c221259
_d221259